Judicial review and democratic theory (Record no. 11560)

000 -LEADER
fixed length control field 00412pab a2200145 454500
008 - FIXED-LENGTH DATA ELEMENTS--GENERAL INFORMATION
fixed length control field 180718b1987 xxu||||| |||| 00| 0 eng d
100 ## - MAIN ENTRY--PERSONAL NAME
Personal name Goldstein, Leslie F.
245 ## - TITLE STATEMENT
Title Judicial review and democratic theory
Remainder of title Guardian democracy vs. representative democracy
260 ## - PUBLICATION, DISTRIBUTION, ETC.
Date of publication, distribution, etc. 1987
300 ## - PHYSICAL DESCRIPTION
Extent 391-412
362 ## - DATES OF PUBLICATION AND/OR SEQUENTIAL DESIGNATION
Dates of publication and/or sequential designation Sept.
650 ## - SUBJECT ADDED ENTRY--TOPICAL TERM
Topical term or geographic name entry element Judicial Review
773 ## - HOST ITEM ENTRY
Main entry heading Western Political Quarterly
909 ## -
-- 11560
Holdings
Withdrawn status Lost status Damaged status Not for loan Permanent Location Current Location Date acquired Serial Enumeration / chronology Barcode Date last seen Price effective from Koha item type
        Indian Institute of Public Administration Indian Institute of Public Administration 2018-07-19 Volume no: 40, Issue no: 3 AR11601 2018-07-19 2018-07-19 Articles

Powered by Koha